000 01328nam a22003617a 4500
001 6219
003 FISKH
005 20250331095812.0
008 250331b cb ||||| |||| 00| 0 eng d
020 _a9780060511050
040 _aDLC
_cDLC
_dDLC
_dOCoLC
_dDLC
_beng
050 _a PZ7.P219 A
082 _a813
100 1 _aParish, Peggy
_d(1927–1988)
245 1 0 _aAmelia Bedelia and the baby /
_cPeggy Parish ; pictures by Lynn Sweat.
250 _aThis edition first published in 1981
260 _aNew York :
_bGreenwillow Books,
_c1981.
300 _a63 pages :
_bcolor illustrations ;
_c23 cm
490 0 _aGreenwillow read-alone books
505 _aG
520 _aAmelia Bedelia follows to the letter the list of instructions for looking after the Lanes' baby.
521 8 _a380
_bLexile
521 8 _aG
_bRaz-Plus
650 0 _aBabysitters
_xJuvenile fiction.
650 1 _aBabysitters and babysitting
_xFiction.
650 1 _aHumorous stories.
700 1 _aSweat, Lynn.
_dillustrator
856 4 2 _3Publisher description
_uhttp://www.loc.gov/catdir/description/hc044/80022263.html
856 4 2 _3Contributor biographical information
_uhttp://www.loc.gov/catdir/enhancements/fy0911/80022263-b.html
906 _a7
_bcbc
_corignew
_du
_eocip
_f19
_gy-gencatlg
942 _2ddc
_cBK
_n0
999 _c6219
_d6219